Statistics for Element Symbol by letter "R"

Click here to take the quiz!

General Stats

  • This quiz has been taken 18 times
  • The average score is 6 of 8

Answer Stats

HintAnswer% Correct
RnRadon
100%
RaRadium
89%
RbRubidium
89%
RfRutherfordium
89%
RhRhodium
67%
ReRhenium
56%
RgRoentgenium
44%
RuRuthenium
44%

Score Distribution

Percentile by Number Answered

Percent of People with Each Score

Your Score History

You have not taken this quiz